Wiley CPA exam reviewer 2006 : (Record no. 7096)
[ view plain ]
| 000 -LEADER | |
|---|---|
| fixed length control field | 00592nam a22001937a 4500 |
| 003 - CONTROL NUMBER IDENTIFIER | |
| control field | OSt |
| 005 - DATE AND TIME OF LATEST TRANSACTION | |
| control field | 20251215085208.0 |
| 008 - FIXED-LENGTH DATA ELEMENTS--GENERAL INFORMATION | |
| fixed length control field | 251215b |||||||| |||| 00| 0 eng d |
| 020 ## - INTERNATIONAL STANDARD BOOK NUMBER | |
| International Standard Book Number | 0-471-72679-6 |
| 040 ## - CATALOGING SOURCE | |
| Original cataloging agency | DWCL-Main lib |
| Transcribing agency | OC |
| 082 ## - DEWEY DECIMAL CLASSIFICATION NUMBER | |
| Classification number | Circ. 657.45 W626w 2006 |
| 100 ## - MAIN ENTRY--PERSONAL NAME | |
| Personal name | Patrick R. Delaney |
| 245 ## - TITLE STATEMENT | |
| Title | Wiley CPA exam reviewer 2006 : |
| Remainder of title | auditing and attestation |
| Statement of responsibility, etc. | Patrick O. Delaney |
| 260 ## - PUBLICATION, DISTRIBUTION, ETC. | |
| Place of publication, distribution, etc. | N. J. : |
| Name of publisher, distributor, etc. | John Wiley & Sons, Inc., |
| Date of publication, distribution, etc. | c2006. |
| 300 ## - PHYSICAL DESCRIPTION | |
| Extent | 661 pages ; |
| Dimensions | 28 cm. |
| 650 ## - SUBJECT ADDED ENTRY--TOPICAL TERM | |
| Source of heading or term | 1. Auditing-Reviewer. |
| 700 ## - ADDED ENTRY--PERSONAL NAME | |
| Personal name | Whittington, O. Ray |
| 942 ## - ADDED ENTRY ELEMENTS (KOHA) | |
| Source of classification or shelving scheme | Dewey Decimal Classification |
| Koha item type | Book Circulation |
| Call number prefix | Circ. |
| Suppress in OPAC | No |
| 952 ## - LOCATION AND ITEM INFORMATION (KOHA) | |
| -- | |
| Withdrawn status | Lost status | Source of classification or shelving scheme | Damaged status | Not for loan | Home library | Current library | Shelving location | Date acquired | Source of acquisition | Total Checkouts | Full call number | Barcode | Date last seen | Copy number | Price effective from | Koha item type | Uniform Resource Identifier |
|---|---|---|---|---|---|---|---|---|---|---|---|---|---|---|---|---|---|
| Dewey Decimal Classification | College Library | College Library | Circulation | 12/18/2007 | School Fund | Circ. 657.45 W626w 2006 | 45534 | 12/15/2025 | c1 | 12/15/2025 | BK-CIRC |